El existencialismo es un humanismo.

Salvato in:
Dettagli Bibliografici
Autore principale: Sartre, Jean Paul (autor)
Altri autori: Praci de Fernández, Victoria (traducción), Llerena, Mari Carmen (traducción del prólogo y notas)
Natura: Sconosciuto
Pubblicazione: Barcelona, España: Edhasa, 1999.
Edizione:Primera edición
Serie:Los Libros de Sísifo
Soggetti:
Tags: Aggiungi Tag
Nessun Tag, puoi essere il primo ad aggiungerne!!

MARC

LEADER 00000 a2200000 4500
003 CL-VaPUC
005 20221026103416.0
008 221020t1999 ||||| |||| 00| 0 eng d
999 |c 438781  |d 438779 
020 |a 978-84-350-2703-8 
040 |c Pontificia Universidad Católica de Valparaíso 
082 |a 142.7 SAR 1999 
100 |a Sartre, Jean Paul  |9 269377  |e autor 
245 |a El existencialismo es un humanismo. 
250 |a Primera edición 
260 |a Barcelona, España:  |b Edhasa,  |c 1999. 
300 |a 124 páginas. 
490 |a Los Libros de Sísifo 
583 |k Cristina María Rojas Aguilar  |c 20221020 
650 |a Existencialismo  |9 265698 
650 |a Humanismo  |9 256530 
650 |a Filosofía francesa  |9 255698 
700 |a Praci de Fernández, Victoria  |e traducción  |9 877808 
700 |a Llerena, Mari Carmen  |e traducción del prólogo y notas  |9 877809 
942 |2 ddc  |c BK 
952 |0 0  |1 0  |2 ddc  |4 0  |6 142_700000000000000_SAR_1999  |7 0  |8 A  |9 587333  |a BIBTEO  |b BIBTEO  |c GEN  |d 2022-10-17  |e 3  |g 20305.00  |i 5654675  |l 2  |o 142.7 SAR 1999  |p 5654675  |r 2025-01-17  |s 2022-11-08  |t 1  |v 20305.00  |w 2022-10-17  |y BK  |k ICR